Local governments’ responses to the fiscal stress label: The case of New York (Record no. 519333)

000 -LEADER
fixed length control field 01516nam a22001577a 4500
008 - FIXED-LENGTH DATA ELEMENTS--GENERAL INFORMATION
fixed length control field 220225b ||||| |||| 00| 0 eng d
100 ## - MAIN ENTRY--PERSONAL NAME
Personal name Chung, Il Hwan and Williams, Daniel
245 ## - TITLE STATEMENT
Title Local governments’ responses to the fiscal stress label: The case of New York
260 ## - PUBLICATION, DISTRIBUTION, ETC. (IMPRINT)
Place of publication, distribution, etc Local Government Studies
300 ## - PHYSICAL DESCRIPTION
Extent 47(5), Oct, 2021: p.808-835
520 ## - SUMMARY, ETC.
Summary, etc Fiscal stress has been a source of significant concern for local governments and has led to the introduction of a variety of approaches for dealing with such a situation. One emerging practise is to adopt early-warning systems which identify fiscal stress, assign a fiscal stress label, and assist with local governments’ financial management. Although there is a growing body of research focusing on fiscal stress indicators, there is a lack of studies examining whether localities given a fiscal stress label by the fiscal stress monitoring system improve their fiscal health. With a regression discontinuity design, we have found that less stressed localities improve their financial condition as compared with more stressed ones in the short run. This study has the potential to inform discussions about the role and strategies of states in strengthening localities’ financial situations and designing a better fiscal monitoring system. – Reproduced
650 ## - SUBJECT ADDED ENTRY--TOPICAL TERM
Topical term or geographic name as entry element Fiscal stress, Regression discontinuity, Fiscal stress monitoring
9 (RLIN) 30212
773 ## - HOST ITEM ENTRY
Main entry heading Local Government Studies
906 ## - LOCAL DATA ELEMENT F, LDF (RLIN)
Subject DIP LOCAL GOVERNMENTS
942 ## - ADDED ENTRY ELEMENTS (KOHA)
Item type Articles
Holdings
Withdrawn status Lost status Source of classification or shelving scheme Damaged status Not for loan Permanent location Current location Date acquired Serial Enumeration / chronology Barcode Date last seen Koha item type
          Indian Institute of Public Administration Indian Institute of Public Administration 2022-02-25 47(5), Oct, 2021: p.808-835 AR126272 2022-02-25 Articles

Powered by Koha